000 00898nmm a2200289 a 4500
001 ocm000592796
003 TR-IsHL
005 20201028133829.0
008 131121s1996 tu tur
007 cr cn
020 _a9789755201320
035 _a592796
_b(N$T)
050 0 4 _aCE59
_b.A34 1996
090 0 4 _aCE59
_b.A34 1996
100 1 _aAhmet Cevdet Paşa
245 1 0 _aTakvimü'l edvar: takvimler
_h[electronic resource] /
_cAhmet Cevdet Paşa ; haz. Remzi Demir, Yavuz Unat
260 _aAnkara :
_bGündogan Yayınları,
_c1996
300 _a88 p.
650 4 _aAstronomi ve Uzay
650 4 _aAstronomy & Space Sciences
650 0 _aTakvimler
650 0 _aCalendars
650 7 _aSCIENCE / Astronomy
_2bisacsh
700 1 _aDemir, Remzi
700 1 _aUnat, Yavuz
856 4 0 _uhttp://search.ebscohost.com/login.aspx?direct=true&scope=site&db=e011xww&AN=592796
999 _c5856
_d5856